[Event "FICGS class F 000204 email"]
[Site "FICGS email"]
[Date "2018.07.23"]
[Round "1"]
[White "Barradas, Anderson"]
[Black "Simoni, Patucci"]
[Result "1-0"]
[WhiteElo "1234"]
[BlackElo "1282"]
[PlyCount "43"]
[EventDate "2018.??.??"]
[EventType "tourn (corr)"]
[EventRounds "5"]
[SourceTitle "Corr 2022"]
[Source "ChessBase"]
[SourceDate "2021.10.24"]
[SourceVersion "1"]
[SourceVersionDate "2021.10.24"]
[SourceQuality "1"]

1. e4 d6 2. d4 Nf6 3. Nc3 g6 4. Nf3 Bg7 5. Bg5 0-0 6. Bd3 h6 7. Bd2 Nc6 8. 0-0 e5 9. dxe5 dxe5 10. Qe2 a6 11. a3 Re8 12. Nd1 Bg4 13. c3 Qd6 14. Ne3 Bxf3 15. gxf3 Rad8 16. Bc2 Qxd2 17. Qc4 Qd7 18. Bb3 Na5 19. Qb4 Nxb3 20. Qxb3 Qh3 21. c4 Nh5 22. Rfd1 1-0

[Event "FICGS rapid E 000214 email"]
[Site "FICGS email"]
[Date "2018.07.21"]
[Round "1"]
[White "Leurette, Marc Antoine"]
[Black "Simoni, Patucci"]
[Result "0-1"]
[WhiteElo "1291"]
[BlackElo "1282"]
[PlyCount "52"]
[EventDate "2018.??.??"]
[EventType "tourn (rapid)"]
[EventRounds "6"]
[SourceTitle "Corr 2022"]
[Source "ChessBase"]
[SourceDate "2021.10.24"]
[SourceVersion "1"]
[SourceVersionDate "2021.10.24"]
[SourceQuality "1"]

1. e4 d6 2. Nf3 Nf6 3. Nc3 g6 4. d4 Bg7 5. Be3 a6 6. e5 Ng4 7. exd6 Nxe3 8. fxe3 exd6 9. Qd2 Nd7 10. 0-0-0 0-0 11. h3 b5 12. b3 Bb7 13. d5 Nb6 14. e4 f5 15. Bd3 Qf6 16. Kb1 fxe4 17. Bxe4 Qxc3 18. Qxc3 Bxc3 19. a3 Bf6 20. Rd3 Rae8 21. Re1 Re7 22. g4 Rfe8 23. g5 Rxe4 24. gxf6 Rxe1+ 25. Nxe1 Rxe1+ 26. Kb2 Kf7 0-1

[Event "FICGS theme 0001 email"]
[Site "FICGS email"]
[Date "2011.11.22"]
[Round "1"]
[White "Sternik, Ryszard"]
[Black "Simoni, Patucci"]
[Result "1-0"]
[WhiteElo "1756"]
[BlackElo "1800"]
[PlyCount "23"]
[EventDate "2011.??.??"]
[EventType "swiss (corr)"]
[EventRounds "1"]
[SourceTitle "Corr 2013"]
[Source "ChessBase"]
[SourceDate "2012.11.12"]
[SourceVersion "1"]
[SourceVersionDate "2012.11.12"]
[SourceQuality "1"]

1. e4 e5 2. Bc4 Nf6 3. d3 Be7 4. Nc3 0-0 5. f4 d6 6. Nf3 Nc6 7. 0-0 a6 8. Nd5 Rb8 9. fxe5 Nxe5 10. Nxe5 Nxd5 11. Nxf7 Rxf7 12. Bxd5 1-0

[Event "FICGS rapid B 000183 email"]
[Site "FICGS email"]
[Date "2011.07.01"]
[Round "1"]
[White "Simoni, Patucci"]
[Black "Grguric, Samuel"]
[Result "0-1"]
[WhiteElo "1800"]
[BlackElo "1800"]
[PlyCount "30"]
[EventDate "2011.??.??"]
[EventType "tourn (rapid)"]
[EventRounds "6"]
[SourceTitle "Corr 2013"]
[Source "ChessBase"]
[SourceDate "2012.11.12"]
[SourceVersion "1"]
[SourceVersionDate "2012.11.12"]
[SourceQuality "1"]

1. c4 e5 2. Nc3 b6 3. d4 Qh4 4. g3 Qf6 5. dxe5 Qxe5 6. Nf3 Qa5 7. Bg2 Bb4 8. Bd2 Nf6 9. 0-0 Ba6 10. a3 Bd6 11. b4 Qh5 12. Nd4 c5 13. Ndb5 Be5 14. Bxa8 0-0 15. Bf3 Qf5 0-1

[Event "FICGS class C 000175 email"]
[Site "FICGS email"]
[Date "2011.04.29"]
[Round "1"]
[White "Rakotomaniraka, Sandro"]
[Black "Simoni, Patucci"]
[Result "0-1"]
[WhiteElo "1800"]
[BlackElo "1800"]
[PlyCount "38"]
[EventDate "2011.??.??"]
[EventType "tourn (corr)"]
[EventRounds "5"]
[SourceTitle "Corr 2013"]
[Source "ChessBase"]
[SourceDate "2012.11.12"]
[SourceVersion "1"]
[SourceVersionDate "2012.11.12"]
[SourceQuality "1"]

1. e4 e5 2. Nc3 Nf6 3. Bb5 a6 4. Nf3 axb5 5. 0-0 c6 6. Qe2 Bd6 7. b4 0-0 8. a3 Bc7 9. a4 bxa4 10. Nxa4 d6 11. d4 b5 12. Nc3 Rxa1 13. dxe5 Rxc1 14. Rxc1 dxe5 15. Ra1 Bb7 16. Qe1 Nbd7 17. Rd1 Qe7 18. Nh4 g6 19. Qe3 Nh5 0-1